000
00294nam a2200097Ia 4500
008
220204s9999 xx 000 0 und d
082
_a
339.5
_b
ITC
245
0
_a
International trade rules : Business queations about the world trading system and the WTO
260
_a
Geneva
_b
ITC
_c
2000
942
_c
BK
999
_c
44026
_d
44026